<?xml version="1.0" encoding="UTF-8"?>
<record
    xmlns:xsi="http://www.w3.org/2001/XMLSchema-instance"
    xsi:schemaLocation="http://www.loc.gov/MARC21/slim http://www.loc.gov/standards/marcxml/schema/MARC21slim.xsd"
    xmlns="http://www.loc.gov/MARC21/slim">

  <leader>02253nam a2200301 a 4500</leader>
  <controlfield tag="001">ASIN8182744520</controlfield>
  <controlfield tag="005">20170105102926.0</controlfield>
  <controlfield tag="008">131212s2010    xxu                 eng d</controlfield>
  <datafield tag="020" ind1=" " ind2=" ">
    <subfield code="a">8182744520 (hardcover)</subfield>
    <subfield code="c">$44.95</subfield>
  </datafield>
  <datafield tag="020" ind1=" " ind2=" ">
    <subfield code="a">9788182744523 (hardcover)</subfield>
  </datafield>
  <datafield tag="040" ind1=" " ind2=" ">
    <subfield code="a">0</subfield>
  </datafield>
  <datafield tag="050" ind1="0" ind2="4">
    <subfield code="a">UA830</subfield>
  </datafield>
  <datafield tag="082" ind1="0" ind2="4">
    <subfield code="a">355.03305</subfield>
    <subfield code="b">CHA 2010</subfield>
  </datafield>
  <datafield tag="100" ind1="1" ind2=" ">
    <subfield code="a">Chari, P.R.</subfield>
  </datafield>
  <datafield tag="245" ind1="1" ind2="0">
    <subfield code="a">Comparative security dynamics in north east asia and south asia /</subfield>
    <subfield code="c">P.R. Chari, Raghavan Vyjayanti.</subfield>
  </datafield>
  <datafield tag="260" ind1=" " ind2=" ">
    <subfield code="a">[S.l.] :</subfield>
    <subfield code="b">Pentagon Press,</subfield>
    <subfield code="c">2010.</subfield>
  </datafield>
  <datafield tag="300" ind1=" " ind2=" ">
    <subfield code="a">1 v. (unpaged) ;</subfield>
    <subfield code="c">22 cm.</subfield>
  </datafield>
  <datafield tag="520" ind1=" " ind2=" ">
    <subfield code="a">Their threat perceptions are different, being informed by their unique historical experience. These geo-strategic particularities have molded their security postures. Both these regions are distinguished by the presence of adersarial dyads-North Korea-South Korea and Pakistan-India. These countries have single-mindedly pursued their quest for nuclear weapons, except for South Korea, that was dissuaded in its own nuclear endeavor by the United States. Consequently, the focus in this volume has been narrowed to the nuclear dimensions of the competition within these two adversarial dyads. Furthermore, attention has also been focused on the peace initiatives pursued by the two Koreas and between India and Pakistan, albeit with very limited success. Naturally, it is not possible to ignore the interactions of these adversarial dyads with the other countries in the two regions. China and Japan in Northeast Asia, and Afghanistan in South Asia are the important regional actors, apart from the United States, that inscribes a significant presence in both regions. This comparative study of the underlying security dynamics and peace processes in Northeast and South Asia has yielded useful lessons to guide them, but is also valuable for similarly placed adversarial dyads in the international system, at present, and in future.</subfield>
  </datafield>
  <datafield tag="650" ind1=" " ind2="0">
    <subfield code="a">Asia</subfield>
  </datafield>
  <datafield tag="650" ind1=" " ind2="0">
    <subfield code="a">East Asia</subfield>
  </datafield>
  <datafield tag="650" ind1=" " ind2="0">
    <subfield code="a">International relations</subfield>
  </datafield>
  <datafield tag="650" ind1=" " ind2="0">
    <subfield code="a">National security</subfield>
  </datafield>
  <datafield tag="650" ind1=" " ind2="0">
    <subfield code="a">Security, International</subfield>
  </datafield>
  <datafield tag="650" ind1=" " ind2="0">
    <subfield code="a">South Asia</subfield>
  </datafield>
  <datafield tag="700" ind1="1" ind2=" ">
    <subfield code="a">Vyjayanti, Raghavan.</subfield>
  </datafield>
  <datafield tag="856" ind1="4" ind2="0">
    <subfield code="3">Amazon.com</subfield>
    <subfield code="u">http://www.amazon.com/exec/obidos/ASIN/8182744520/chopaconline-20</subfield>
  </datafield>
  <datafield tag="942" ind1=" " ind2=" ">
    <subfield code="2">ddc</subfield>
    <subfield code="c">BK</subfield>
  </datafield>
  <datafield tag="999" ind1=" " ind2=" ">
    <subfield code="c">15854</subfield>
    <subfield code="d">15854</subfield>
  </datafield>
  <datafield tag="952" ind1=" " ind2=" ">
    <subfield code="0">0</subfield>
    <subfield code="1">0</subfield>
    <subfield code="4">0</subfield>
    <subfield code="7">0</subfield>
    <subfield code="8">NFIC</subfield>
    <subfield code="a">CIPS</subfield>
    <subfield code="b">CIPS</subfield>
    <subfield code="c">GEN</subfield>
    <subfield code="d">2013-10-02</subfield>
    <subfield code="l">0</subfield>
    <subfield code="o">355.03305 CHA 2010</subfield>
    <subfield code="p">CIPS0001943</subfield>
    <subfield code="r">2013-12-12</subfield>
    <subfield code="w">2013-12-12</subfield>
    <subfield code="y">BK</subfield>
  </datafield>
</record>
